000 00600nam a2200217 i 4500
001 bg
100 1 _aMILER, Teresa
245 1 0 _aHulajbook czyli łopatologiczny wykład ekonomii za pomocą Excela /
_cTeresa Miler, Mirosław Bieliński.
260 _aGdańsk :
_bStudio Gambit,
_c1994.
300 _a148 s. :
_bil. ;
_c24 cm.
650 9 _aExcel
655 _aPodręczniki
700 1 _aBIELIŃSKI, Mirosław
020 _a8390096811
040 _cBPK
041 0 _apl
080 _a004.42(07)Excel
920 _a83-900968-1-1
942 _cKS
008 s pl f |000 0 pol
999 _c37587
_d37587
856 _uhttp://koha.tu.koszalin.pl/cgi-bin/koha/opac-detail.pl?biblionumber=37587
_yKatalog online BPK